Statistics for European Union facts

Click here to take the quiz!

General Stats

  • This quiz has been taken 289 times
    (244 since last reset)
  • The average score is 28 of 47

Answer Stats

HintAnswer% Correct
CurrencyEuro
90%
EU member state not in the Schengen areaUnited Kingdom
87%
State which will enter EU in 2013Croatia
86%
Number of member states28
85%
Political centerBrussels
84%
Non-EU member state which are in the Schengen areaNorway
84%
Non-EU member state which are in the Schengen areaSwitzerland
82%
Official candidate stateTurkey
82%
Number of countries in the Eurozone17
81%
Number of official languages24
77%
Official candidate stateIceland
76%
Non-EU member state which are in the Schengen areaIceland
76%
Official candidate stateSerbia
76%
EU member state not in the Schengen areaIreland
74%
Number of countries in the Schengen area26
73%
Year of the treaty of Lisbonne2009
72%
Year of the treaty of Maastricht1993
71%
Official potential candidateBosnia and Herzegovina
70%
Official candidate stateMacedonia
69%
EU member state not in the Schengen areaRomania
69%
Non-EU member state which are in the Schengen areaSan Marino
69%
Non-EU member state which are in the Schengen areaVatican city
69%
EU member state not in the Schengen areaBulgaria
68%
Official potential candidateKosovo
68%
Year of the treaty of Rome1957
67%
Political centerLuxembourg
67%
Non-EU member state which are in the Schengen areaMonaco
67%
Official candidate stateMontenegro
67%
Official potential candidateAlbania
66%
Political centerStrasbourg
65%
Year of the treaty of Paris1952
62%
Non-EU member state which are in the Schengen areaLiechtenstein
61%
European Union InstitutionEuropean Parliament
60%
EU member state not in the Schengen areaCyprus
56%
European Union InstitutionEuropean Commission
45%
European Union InstitutionEuropean Council
41%
European Union InstitutionCouncil of Ministers
38%
Founding father (French)Robert Schuman
34%
European Union InstitutionEuropean Central Bank
31%
European Union InstitutionCourt of Justice of European Union
30%
Founding father (French)Jean Monet
23%
Founding father (German)Konrad Adenauer
23%
European Union InstitutionCourt of Auditors
11%
Founding father (Italian)Alcide de Gasperi
5%
Founding father (Belgian)Paul Henri Spack
3%
Founding father (Dutch)Johan Willem Beyen
2%
Founding father (Luxembourg)Joseph Bech
2%

Score Distribution

Percentile by Number Answered

Percent of People with Each Score

Your Score History

You have not taken this quiz since the last reset